| 000 | 00340nam a2200133 a 4500 | ||
|---|---|---|---|
| 001 | 5608 | ||
| 003 | CDMR | ||
| 005 | 20131028133720.0 | ||
| 008 | 130130s1961||||||||||||||||||||||||||||d | ||
| 040 |
_aCDMR _bcat _cCPC GIRONA |
||
| 245 | 0 |
_aTextos legales _b: prensa |
|
| 260 |
_c1961 _bMinisterio de Información y Turismo _aMadrid |
||
| 942 |
_cMON _2udc |
||
| 999 |
_c5608 _d5608 |
||